00442nam a2200145 i 450000100060000000300090000600500170001500700030003200800410003510000210007624500810009726000580017830000290023685200310026587530ES-MaACL20230906175704.0t|041222s1958 sp ||||1| eng d1 aKucera, Enrique.12aA principality in the heart of the Pyrenees b: Andorra / cby Henry Kucera. aBarcelona : bEnrique Kucera, c[1958] (fS.A.D.A.G.) a63 p. : bil. ; c14 cm. aES-MaACLjD-8375 bR.42844